<?xml version="1.0" encoding="UTF-8"?>
<record
    xmlns:xsi="http://www.w3.org/2001/XMLSchema-instance"
    xsi:schemaLocation="http://www.loc.gov/MARC21/slim http://www.loc.gov/standards/marcxml/schema/MARC21slim.xsd"
    xmlns="http://www.loc.gov/MARC21/slim">

  <leader>01445nab a22002177a 4500</leader>
  <datafield tag="999" ind1=" " ind2=" ">
    <subfield code="c">5738</subfield>
    <subfield code="d">5738</subfield>
  </datafield>
  <controlfield tag="003">OSt</controlfield>
  <controlfield tag="005">20260101195721.0</controlfield>
  <controlfield tag="008">190514b        xxu||||| |||| 00| 0 spa d</controlfield>
  <datafield tag="040" ind1=" " ind2=" ">
    <subfield code="c">PJ</subfield>
  </datafield>
  <datafield tag="100" ind1=" " ind2=" ">
    <subfield code="9">3618</subfield>
    <subfield code="a">Cal&#xE1;, Mar&#xED;a Florencia</subfield>
  </datafield>
  <datafield tag="245" ind1="1" ind2="0">
    <subfield code="a">Familias solidarias o de acogimiento y su voluntad de adoptar. Cuando la socioafectividad y los tiempos del sistema de protecci&#xF3;n trascienden lo normativo /</subfield>
    <subfield code="c">Mar&#xED;a Florencia Cal&#xE1;. </subfield>
  </datafield>
  <datafield tag="300" ind1=" " ind2=" ">
    <subfield code="a">p. 129-134</subfield>
  </datafield>
  <datafield tag="500" ind1=" " ind2=" ">
    <subfield code="a">Cita: TR LALEY AR/DOC/3260/2024.</subfield>
  </datafield>
  <datafield tag="505" ind1=" " ind2=" ">
    <subfield code="a">Sumario: I. El caso.&#x2014; II. Algunas cuestiones procesales. Particularidades de los procesos de familia.&#x2014; III. El rol de las familias solidarias: su interacci&#xF3;n con el sistema integral de protecci&#xF3;n de derechos y el r&#xE9;gimen jur&#xED;dico de la adopci&#xF3;n.&#x2014; IV. Desfraccionamientos de la mano de dos cuestiones claves: la socioafectividad y el paso del tiempo como factor determinante en la construcci&#xF3;n de los v&#xED;nculos.&#x2014; V. Reflexiones finales en torno al caso. 
</subfield>
  </datafield>
  <datafield tag="505" ind1=" " ind2=" ">
    <subfield code="a">Fallo comentado:  ST Santiago del Estero ~ 11/07/2024 ~ Subsecretar&#xED;a de la Ni&#xF1;ez, Adolescencia y Familia (SUBNAF) s/ medida excepcional.</subfield>
  </datafield>
  <datafield tag="650" ind1=" " ind2="0">
    <subfield code="9">967</subfield>
    <subfield code="a">DERECHO DE FAMILIA</subfield>
  </datafield>
  <datafield tag="650" ind1=" " ind2="0">
    <subfield code="9">974</subfield>
    <subfield code="a">ADOPCI&#xD3;N</subfield>
  </datafield>
  <datafield tag="650" ind1=" " ind2="0">
    <subfield code="9">1057</subfield>
    <subfield code="a">JURISPRUDENCIA APLICABLE</subfield>
  </datafield>
  <datafield tag="773" ind1="0" ind2=" ">
    <subfield code="0">2844</subfield>
    <subfield code="9">3222</subfield>
    <subfield code="d">Buenos Aires : AbeledoPerrot, 1989-</subfield>
    <subfield code="t">Derecho de familia. Revista Interdisciplinaria de doctrina y jurisprudencia. Febrero 2025-I.</subfield>
    <subfield code="z">18511201</subfield>
  </datafield>
  <datafield tag="942" ind1=" " ind2=" ">
    <subfield code="2">udc</subfield>
    <subfield code="c">ANA</subfield>
  </datafield>
</record>
